Top 50 des prénoms garçons et filles années 2000 - Statistiques

Statistiques générales
  • Ce quiz a été pris 882 fois
  • Le résultat moyen est 42 sur 100
Statistiques - réponses
Prénom % Correct
Lou
84%
Léa
78%
Julie
77%
Louis
77%
Emma
71%
Paul
71%
Léo
69%
Marie
68%
Louise
61%
Manon
61%
Lucas
60%
Théo
59%
Camille
58%
Chloé
58%
Jules
58%
Juliette
55%
Thomas
54%
Hugo
53%
Jade
53%
Clara
52%
Gabriel
52%
Lola
52%
Romain
52%
Romane
52%
Sarah
52%
Lisa
50%
Pauline
50%
Alexandre
49%
Julien
49%
Clément
48%
Eva
48%
Enzo
47%
Lucie
47%
Mathis
47%
Maxime
47%
Zoé
47%
Antoine
46%
Pierre
46%
Tom
46%
Inès
45%
Laura
45%
Mael
45%
Alice
44%
Nathan
44%
Valentin
43%
Jeanne
42%
Mathilde
42%
Arthur
41%
Léna
41%
Quentin
41%
Kévin
40%
Charlotte
39%
Marine
39%
Raphaël
39%
Victor
39%
Emilie
38%
Lina
38%
Alexis
37%
Baptiste
37%
Marion
37%
Nicolas
37%
Clémence
36%
Elise
36%
Mathéo
36%
Noah
36%
Anais
35%
Mathieu
35%
Ambre
34%
Justine
34%
Axel
33%
Elisa
33%
Margot
33%
Lilou
31%
Océane
31%
Carla
30%
Margaux
30%
Ethan
29%
Benjamin
28%
Maxence
28%
Noémie
28%
Simon
28%
Alicia
27%
Adrien
26%
Anthony
25%
Corentin
25%
Florian
24%
Célia
23%
Mattéo
23%
Samuel
23%
Yanis
23%
Mohamed
22%
Amandine
21%
Morgane
21%
Guillaume
20%
Maelys
20%
Maeva
20%
Dylan
19%
Adam
18%
Mélissa
17%
Evan
15%
Aucun quiz correspondant
Distribution des résultats
% des personnes avec chaque résultat
Percentile par nombre de réponses
Votre historique - résultats
Vous n’avez pas pris ce quiz